| 000 | 00784nam a22002057a 4500 | ||
|---|---|---|---|
| 005 | 20120830110810.0 | ||
| 010 | _aB-463043 | ||
| 020 |
_a9780140272482 _c250.00 |
||
| 035 | _aB-463043 | ||
| 037 |
_adpl _bResearchco Pub/Ven |
||
| 082 | _a921 | ||
| 100 |
_aLaxman, R.K. _952001 |
||
| 245 |
_aThe tunnel of time: _ban autobiography/ _cby R.K.Laxman |
||
| 260 |
_aNew Delhi _bPenguin Books _c1999 |
||
| 270 |
_a11, community centre panchsheel park _bNew Delhi |
||
| 300 |
_a236p. _bill. _c22cm.(pbk) |
||
| 942 |
_2ddc _cEN _mLAX _h921 |
||
| 999 |
_c69536 _d69536 |
||